All teams that lost the world series - Statistics

General Stats
  • This quiz has been taken 17 times
  • The average score is 21 of 25
Answer Stats
Hint Answer % Correct
2021 astros
100%
2019 astros
100%
2005 astros
100%
2003 yankees
100%
2001 yankees
100%
2018 dodgers
94%
2017 dodgers
94%
2011 rangers
88%
2010 rangers
88%
2023 diamondbacks
82%
2015 mets
82%
2000 mets
82%
2022 phillies
82%
2009 phillies
82%
1999 braves
76%
2013 cardinals
76%
2004 cardinals
76%
2002 giants
76%
2020 rays
76%
2008 rays
76%
2007 rockies
71%
2014 royals
71%
2012 tigers
71%
2006 tigers
71%
2016 guardians
59%
No matching quizzes found
Score Distribution
Percent of People with Each Score
Percentile by Number Answered
Your Score History
You have not taken this quiz